| 000 | 01393nam a2200349 a 4500 | ||
|---|---|---|---|
| 001 | ebr10681054 | ||
| 003 | CaPaEBR | ||
| 006 | m u | ||
| 007 | cr cn||||||||| | ||
| 008 | 090507s2009 nyuad sb 001 0 eng d | ||
| 010 | _z 2009017795 | ||
| 020 | _z9781607416258 (hardcover) | ||
| 020 | _z9781617285196 (e-book) | ||
| 040 |
_aCaPaEBR _cCaPaEBR |
||
| 035 | _a(OCoLC)662453074 | ||
| 050 | 1 | 4 |
_aHV6515 _b.T65 2009eb |
| 082 | 0 | 4 |
_a364.152 _222 |
| 245 | 0 | 0 |
_aHomicide trends, causes and prevention _h[electronic resource] / _cRandal B. Toliver and Ulrich R. Coyne, editors. |
| 260 |
_aHauppauge, N.Y. : _bNova Science Publishers, _cc2009. |
||
| 300 |
_ax, 203 p. : _bill. (some col.). |
||
| 490 | 1 | _aCriminal justice, law enforcement and corrections | |
| 504 | _aIncludes bibliographical references and index. | ||
| 533 |
_aElectronic reproduction. _bPalo Alto, Calif. : _cebrary, _d2013. _nAvailable via World Wide Web. _nAccess may be limited to ebrary affiliated libraries. |
||
| 650 | 0 | _aHomicide. | |
| 650 | 0 | _aCriminal psychology. | |
| 655 | 7 |
_aElectronic books. _2local |
|
| 700 | 1 | _aToliver, Randal B. | |
| 700 | 1 | _aCoyne, Ulrich R. | |
| 710 | 2 | _aebrary, Inc. | |
| 830 | 0 | _aCriminal justice, law enforcement and corrections. | |
| 856 | 4 | 0 |
_uhttp://site.ebrary.com/lib/rucke/Doc?id=10681054 _zAn electronic book accessible through the World Wide Web; click to view |
| 999 |
_c60385 _d60385 |
||